| 000 | 00495nam a22001697a 4500 | ||
|---|---|---|---|
| 005 | 20240513164638.0 | ||
| 008 | 240513b |||||||| |||| 00| 0 eng d | ||
| 020 | _a9788194168522 | ||
| 082 | _a793.31954 PRA/T | ||
| 100 | _aPradeepkumar, K S (Ed.) | ||
| 245 | _aTribal arts forms in Kerala | ||
| 260 |
_aCalicut, _bKIRTADS, _c2020 |
||
| 300 | _a173p. | ||
| 500 | _aGifted by Dr. Malu K From Project CTDC : Centre for Digital Transformation in Culture | ||
| 650 | _aArt Forms | ||
| 942 | _cBK | ||
| 999 |
_c40049 _d40049 |
||